000 00857nam a2200241 i 4500
999 _c85159
_d85159
001 C2-0278163
003 PPAK
005 20190625150338.0
008 070222s1993 my |||| ||||| | may d
040 _aPPAK
_beng
_cPPAK
_erda
082 0 4 _a630.9595
_223
090 0 0 _a630.9595
_bKEM
_dKK
110 2 _aKementerian Perumahan Dan Kerajaan Tempatan
245 0 0 _aKajian Pelan Pembangunan Pusat Pertumbuhan Desa Kampung Sungai Korok 1991 - 2001 daerah Kubang Pasu Kedah Darul Aman
264 1 _aAlor Setar, Kedah :
_bKementerian Pembangunan Luar Bandar ,
_c1993
300 _c30 cm
336 _2rdacontent
_atext
337 _2rdamedia
_aunmediated
338 _2rdacarrier
_avolume
650 1 0 _aAgriculture and state - Kedah ; Agriculture - Research - Malaysia
710 2 _aKementerian Perumahan Dan Kerajaan Tempatan
_eorganizer
942 _cB
_2ddc